[Event "Pamplona Navarra Preferente op"]
[Site "Pamplona"]
[Date "2013.04.13"]
[Round "1"]
[White "Esparza Martinez, Javier Ignacio"]
[Black "Torres Isturiz, Cesar Tomas"]
[Result "1-0"]
[WhiteElo "2014"]
[BlackElo "1806"]
[PlyCount "83"]
[EventDate "2013.04.13"]
[EventType "swiss"]
[EventRounds "7"]
[EventCountry "ESP"]
[SourceTitle "CBM 154 Extra"]
[Source "ChessBase"]
[SourceDate "2013.06.25"]
[SourceVersion "2"]
[SourceVersionDate "2013.06.25"]
[SourceQuality "1"]

1. d4 d5 2. Nf3 e6 3. c4 c6 4. Nc3 Nf6 5. Bg5 Be7 6. e3 0-0 7. Rc1 Nbd7 8. Qc2 h6 9. Bh4 b6 10. cxd5 exd5 11. Bd3 Bb7 12. 0-0 Rc8 13. Qe2 Re8 14. Ba6 Bxa6 15. Qxa6 Ra8 16. Bg3 Nh5 17. Ne5 Nxe5 18. Bxe5 Bd6 19. Bxd6 Qxd6 20. a3 f5 21. Ne2 Re7 22. Ng3 Nxg3 23. hxg3 g5 24. b4 Rc7 25. Rc3 Kf7 26. Rfc1 Rac8 27. b5 Qe7 28. bxc6 Qd6 29. Qb5 g4 30. a4 Kf6 31. Kf1 h5 32. Ke2 Re8 33. a5 bxa5 34. Qxa5 Ree7 35. Qb5 Rh7 36. Ra1 h4 37. gxh4 Rxh4 38. Rc5 Qe6 39. Rxd5 Qe4 40. Qc5 Rg7 41. c7 f4 42. Rd6+ 1-0